La Liga Top Scorers Since 2010 - Statistics

General Stats
  • This quiz has been taken 70 times
    68 since last reset
  • The average score is 13 of 14
Answer Stats
Hint Answer % Correct
2011/12 Barcelona 50 Messi
100%
2012/13 Barcelona 46 Messi
100%
2016/17 Barcelona 37 Messi
100%
2017/18 Barcelona 34 Messi
100%
2018/19 Barcelona 36 Messi
100%
2019/20 Barcelona 25 Messi
100%
2020/21 Barcelona 30 Messi
100%
2010/11 Real Madrid 40 Ronaldo
100%
2013/14 Real Madrid 31 Ronaldo
100%
2014/15 Real Madrid 48 Ronaldo
100%
2015/16 Barcelona 40 Suárez
100%
2021/22 Real Madrid 27 Benzema
97%
2022/23 Barcelona 23 Lewandowski
88%
2023/24 Girona 24 Dovbyk
58%
No matching quizzes found
Score Distribution
Percent of People with Each Score
Percentile by Number Answered
Your Score History
You have not taken this quiz since the last reset